| 000 | 00385nam a22001457a 4500 | ||
|---|---|---|---|
| 003 | OSt | ||
| 082 | _a631 | ||
| 088 | _aT559 | ||
| 100 |
_aAmsuja v Ajayan _95318 |
||
| 245 | _aDEVELOPMENT OF ROBOTIC BLACK PEPPER HARVESTING SYSTEM | ||
| 260 |
_aThavanur _bDepartment of farm machinery and power engineering _c2022 |
||
| 300 | _a206 | ||
| 700 | _aEr. Sindhu Bhaskar (Guide) | ||
| 942 | _cTH | ||
| 999 |
_c17589 _d17589 |
||